| 000 | 00376nam a2200121Ia 4500 | ||
|---|---|---|---|
| 008 | 220216s9999 xx 000 0 und d | ||
| 100 | _aChattaraj P P | ||
| 245 | 0 | _aTyre force and moment properties for vehicle handling | |
| 260 | _bRUBCON 2002: Proceedings of the Indian Rubber Conference January 12-13. pp.63-67 | ||
| 650 | _aTyre | ||
| 700 | _aMukhopadhyay R | ||
| 942 | _cJS | ||
| 999 |
_c71652 _d71652 |
||